Entry Personal Name
Number of records used in: 1
001 - CONTROL NUMBER
003 - CONTROL NUMBER IDENTIFIER
005 - DATE AND TIME OF LATEST TRANSACTION
- control field:
20220524143043.0
008 - FIXED-LENGTH DATA ELEMENTS
- fixed length control field:
840424n| azannaabn |n aaa
010 ## - LIBRARY OF CONGRESS CONTROL NUMBER
- LC control number:
n 84021435
035 ## - SYSTEM CONTROL NUMBER
- System control number:
(OCoLC)oca01120835
040 ## - CATALOGING SOURCE
- Original cataloging agency:
DLC
- Language of cataloging:
eng
- Description conventions:
rda
- Transcribing agency:
DLC
- Modifying agency:
DLC
- Modifying agency:
OCoLC
- Modifying agency:
DNLM
046 ## - SPECIAL CODED DATES
100 1# - HEADING--PERSONAL NAME
- Personal name:
Feist, Jess
670 ## - SOURCE DATA FOUND
- Source citation:
His Theories of personality, c1984:
- Information found:
CIP t.p. (Jess Feist) galley (McNeese State Univ.)
670 ## - SOURCE DATA FOUND
- Source citation:
His Health psychology, c1988:
- Information found:
CIP t.p. (Jess Feist, McNeese State Univ.) data sheet (b. 8/30/35)